00814nam a2200241 a 450000100060000000300090000600800410001502000150005604000280007108200160009910000260011524500460014126000500018730000110023749000310024859000610027965000120034065000250035265000150037794200120039299900170040495201510042118949CO-ViMGA141112s2004 ck r 000 u spa d a9681663780 aCO-ViMGAbspacCO-ViMGA04a611.8 A732u1 aArechuga, Hugo92707710aEl Universo interior - Ciencia para todos aMexico : bFondo de Cultura Económica; 2001 a280 p. aLa Ciencia para todos; 182 aForma de adquisición : compra 2005 - - Precio : 20.70014aCEREBRO14aNEUROBIOLOGIA92707814aNEUROLOGIA 2ddccBK c28142d28142 00102ddc40708002aMEVIECARbMEVIECARd2015-12-04hVolumen. 1 | 11/jun/2009l0o611.8 A732u p18949r2015-12-04 00:00:00tEj. 1w2015-12-04yBK